000 00499nmm a2200157Ia 4500
008 251105s9999||||xx |||||||||||||||||und||
041 _aspa
100 _aMoreno, Javier
245 0 _aEl hombre transparente :
_b Cómo el «mundo real» acabó convertido en big data
264 _a[Madrid, España] :
_bAkal,
_c2022
300 _a336 páginas
490 _aPensamiento crítico
650 _aSocial Sciences (General)
856 _uhttps://public.digitaliapublishing.com/a/113672
942 _cCF
999 _c100427
_d100427